000 01000cad a22002175a 4500
001 L154818
008 120120s2010 xxk f 000 0 eng d
035 _a(Sirsi) u154818
041 0 _aeng
110 2 _aOlympic Delivery Authority
_95117
245 0 0 _aBe safe be healthy
_bhealth and safety and park health annual report, September 2010
_h[electronic resource]
260 _aLondon
_bODA
_c2010
520 _aThe report discusses the management measures in place for health and safety during the construction of the Olympic Park and the Olympic Village; the ODA is trying to achieve the safest and healthiest major construction programme.
590 _aKA
650 2 4 _aOLYMPIC GAMES 2012
651 4 _aUnited Kingdom
_y
690 _aProject management
_96261
690 _aHealth and safety
_96244
856 4 0 _uhttps://www.london2012.com/documents/oda-publications/h-s-park-health-annual-report-2010-final-web.pdf
_zView the annual report free of charge at www.london2012.com
942 _n0
999 _c113177
_d113177